<?xml version="1.0" encoding="UTF-8"?>
<collection xmlns="http://www.loc.gov/MARC21/slim">
 <record>
  <leader>00482pamaa2200157   4500</leader>
  <controlfield tag="001">0000040523</controlfield>
  <controlfield tag="005">20060531090000.0</controlfield>
  <datafield tag="020" ind1="0" ind2="0">
   <subfield code="a">8123909020 (pbk) </subfield>
  </datafield>
  <datafield tag="090" ind1="0" ind2="0">
   <subfield code="a">RS160 </subfield>
   <subfield code="b">COO 2000</subfield>
  </datafield>
  <datafield tag="245" ind1="1" ind2="0">
   <subfield code="a">COOPER and Gunn's dispensing for pharmaceutical students  </subfield>
   <subfield code="c">revised by S. J. Carter B. Pharma.</subfield>
  </datafield>
  <datafield tag="250" ind1="0" ind2="0">
   <subfield code="a">12th ed.</subfield>
  </datafield>
  <datafield tag="260" ind1="0" ind2="0">
   <subfield code="a">New Delhi: </subfield>
   <subfield code="b">CBS Publishers and Distributors, </subfield>
   <subfield code="c">2000 (reprinted).</subfield>
  </datafield>
  <datafield tag="300" ind1=" " ind2=" ">
   <subfield code="a">viii, 759p.; </subfield>
   <subfield code="c">25 cm.</subfield>
  </datafield>
  <datafield tag="650" ind1="0" ind2="0">
   <subfield code="a">Pharmacy </subfield>
  </datafield>
  <datafield tag="700" ind1="1" ind2="1">
   <subfield code="a">Pharm, </subfield>
   <subfield code="h">S.J. Carter B </subfield>
  </datafield>
 </record>
</collection>
